000 00354nam a2200133Ia 4500
008 220216s9999 xx 000 0 und d
100 _aNair M K B
245 0 _aRubber plantaiton: A sustainable source of wood
260 _bIndian Rubber Industry
_c2001
300 _a14-15
650 _aRubber cultivation
650 _aRubber plantation
942 _cBO
999 _c48272
_d48272